Statystyki dla Pierwiastki w siódmej klasie.

Kliknij tutaj aby rozwiązać quiz!

Ogólne statystyki

  • Ten quiz został rozwiązany 46 razy
  • Średni wynik to 29 z 34

Statystyki odpowiedzi

SymbolPierwiastek% Poprawnych
HeHel
100%
AgSrebro
100%
BrBrom
97%
MgMagnez
97%
CWegięl
97%
AuZłoto
97%
BeBeryl
94%
ClChlor
94%
LiLit
94%
SSiarka
94%
OTlen
94%
HWodór
94%
NiNikiel
91%
KPotas
91%
CaWapń
91%
PFosfor
88%
NaSód
88%
FeŻelazo
88%
NAzot
84%
ZnCynk
84%
PbOłów
84%
HgRtęć
84%
BBor
81%
AlGlin
78%
MnMangan
78%
RaRad
78%
IJod
75%
CuMiedź
75%
CrChrom
72%
FFluor
72%
SiKrzem
72%
NeNeon
66%
PoPolon
66%
PtPlatyna
50%

Rozkład punktacji

Percentyl według liczby udzielonych odpowiedzi

Procent ludzi z każdym wynikiem

Twoja historia wyników

Nie rozwiązałeś tego quizu